Housing development (Record no. 102147)

MARC details
000 -LEADER
fixed length control field 02053cam a2200469 4500
008 - FIXED-LENGTH DATA ELEMENTS--GENERAL INFORMATION
fixed length control field 020628n2004 000 0 eng u
020 ## - INTERNATIONAL STANDARD BOOK NUMBER
International Standard Book Number 0415234336
035 ## - SYSTEM CONTROL NUMBER
System control number (Sirsi) u118575
041 ## - LANGUAGE CODE
Language code of text/sound track or separate title eng
050 ## - LIBRARY OF CONGRESS CALL NUMBER
Classification number 306.1
-- 18
245 ## - TITLE STATEMENT
Title Housing development
Remainder of title theory, process and practice
260 ## - PUBLICATION, DISTRIBUTION, ETC.
Place of publication, distribution, etc. London
Name of publisher, distributor, etc. Routledge
Date of publication, distribution, etc. 2004
300 ## - PHYSICAL DESCRIPTION
Extent xvi, 410p.
Dimensions 24cm
350 ## - PRICE (NR) (BK AM CF MU VM SE) [OBSOLETE]
Price 23.50
490 ## - SERIES STATEMENT
Series statement Routledge Housing, Planning and Design Series
520 ## - SUMMARY, ETC.
Summary, etc. Consolidates information on housing production, housing provision and the housing environment, examining the theoretical and policy contexts. Reviews the factors that influence location, siting, quality and viability of housing in the United Kingdom. Divided into sections covering the political economy of housing development, the housing development process and contemporary practice in housing development. Subjects discussed include housing demand and need, the private house-building industry, social housing and the government role, planning and land supply, site appraisal and estate layout, dwelling construction and design, finance, procurement and marketing, technical innovation, sustainable development, urban capacity, refurbishment and comparisons with other European countries.
650 ## - SUBJECT ADDED ENTRY--TOPICAL TERM
Topical term or geographic name entry element HOUSING ECONOMICS
650 ## - SUBJECT ADDED ENTRY--TOPICAL TERM
Topical term or geographic name entry element HOUSING POLICY
650 ## - SUBJECT ADDED ENTRY--TOPICAL TERM
Topical term or geographic name entry element URBAN HOUSING
650 ## - SUBJECT ADDED ENTRY--TOPICAL TERM
Topical term or geographic name entry element HOUSING NEED
650 ## - SUBJECT ADDED ENTRY--TOPICAL TERM
Topical term or geographic name entry element HOUSING DEMAND
650 ## - SUBJECT ADDED ENTRY--TOPICAL TERM
Topical term or geographic name entry element HOUSING SUPPLY
650 ## - SUBJECT ADDED ENTRY--TOPICAL TERM
Topical term or geographic name entry element SOCIAL HOUSING
650 ## - SUBJECT ADDED ENTRY--TOPICAL TERM
Topical term or geographic name entry element PRIVATE HOUSE BUILDERS
650 ## - SUBJECT ADDED ENTRY--TOPICAL TERM
Topical term or geographic name entry element Affordable housing
9 (RLIN) 6215
650 ## - SUBJECT ADDED ENTRY--TOPICAL TERM
Topical term or geographic name entry element PLANNING POLICY
650 ## - SUBJECT ADDED ENTRY--TOPICAL TERM
Topical term or geographic name entry element LAND ACQUISITION
650 ## - SUBJECT ADDED ENTRY--TOPICAL TERM
Topical term or geographic name entry element RESIDENTIAL DESIGN
650 ## - SUBJECT ADDED ENTRY--TOPICAL TERM
Topical term or geographic name entry element HOUSING FINANCE
650 ## - SUBJECT ADDED ENTRY--TOPICAL TERM
Topical term or geographic name entry element SUSTAINABLE DEVELOPMENT
650 ## - SUBJECT ADDED ENTRY--TOPICAL TERM
Topical term or geographic name entry element EUROPE
690 ## - LOCAL SUBJECT ADDED ENTRY--TOPICAL TERM (OCLC, RLIN)
Topical term or geographic name as entry element HOUSING-DEVELOPMENT
700 ## - ADDED ENTRY--PERSONAL NAME
Personal name Golland, Andrew
International Standard Serial Number Editor
700 ## - ADDED ENTRY--PERSONAL NAME
Personal name Blake, Ron
International Standard Serial Number Editor
700 ## - ADDED ENTRY--PERSONAL NAME
Personal name Collins, Paul
700 ## - ADDED ENTRY--PERSONAL NAME
Personal name Dunmore, Kathleen
700 ## - ADDED ENTRY--PERSONAL NAME
Personal name Gillen, Mike
700 ## - ADDED ENTRY--PERSONAL NAME
Personal name Nicol, Chris
700 ## - ADDED ENTRY--PERSONAL NAME
Personal name Oxley, Michael
700 ## - ADDED ENTRY--PERSONAL NAME
Personal name Tunstall, Gavin
942 ## - ADDED ENTRY ELEMENTS (KOHA)
Suppress in OPAC 0
Holdings
Withdrawn status Lost status Source of classification or shelving scheme Damaged status Not for loan Home library Current library Shelving location Date acquired Total Checkouts Full call number Barcode Date last seen Date last checked out Copy number Price effective from Koha item type
    Dewey Decimal Classification     London London Books 06/02/2004 26 306.1 GOL 30069012 06/08/2019 25/01/2010 1 06/08/2019 Book